Вираження почуттів засобами англійської фразеології (страху, впевненості та хвилювання) (Запис № 283992)

МАРК-запис
000 -LEADER
fixed length control field 02593nam a22001577a 4500
041 ## - LANGUAGE CODE
Language code of text/sound track or separate title ukr
080 ## - UNIVERSAL DECIMAL CLASSIFICATION NUMBER
Universal Decimal Classification number 09
090 ## - LOCALLY ASSIGNED LC-TYPE CALL NUMBER (OCLC); LOCAL CALL NUMBER (OCLC)
Local cutter number (OCLC) ; Book number/undivided call number, CALL (RLIN) МЕЛ
100 ## - MAIN ENTRY--PERSONAL NAME
Personal name Мельничук І. В.
245 ## - TITLE STATEMENT
Title Вираження почуттів засобами англійської фразеології (страху, впевненості та хвилювання)
260 ## - PUBLICATION, DISTRIBUTION, ETC. (IMPRINT)
Place of publication, distribution, etc Острог
Name of publisher, distributor, etc КАФ
Date of publication, distribution, etc 2007
300 ## - PHYSICAL DESCRIPTION
Extent 69
520 ## - SUMMARY, ETC.
Summary, etc Вступ<br/>Розділ 1 Фразеологія як предмет дослідження академіка В.В.Виноградова та проблеми класифікації англійських ФО<br/>1.2 Засоби передачі емоцій та психологічного стану людини <br/>1.2.1 Вираження співчуття як позитивної емоції<br/>1.2.2 Вираження злорадства як негативної емоції<br/>1.3 Етимологія Фразеологізмів<br/>1.3.1 Фразеологізми англійського походження <br/>1.3.2 Фразеологічні запозичення<br/>Розділ 2 <br/>2.1 Англійські фразеологізми на позначення страху<br/>2.1.1 Група фразеологізмів з компонентом scare<br/>2.1.2 Група фразеологізмів з компонентом frighten<br/>2.1.3 Група фразеологізмів з компонентом fear<br/>2.1.4 Група фразеологізмів з іншими способами вираження почуття страху<br/>2.2 Англійські фразеологізми на позначення впевненості <br/>2.2.1 Група фразеологізмів на познчення хоробрості <br/>2.2.2 Група фразеологізмів на познчення самовпевненості <br/>2.2.3 Група фразеологізмів на познчення безперечності <br/>2.3 Англійські фразеологізми на позначення почуття хвилювання <br/>2.3.1 Група фразеологізмів на позначення хвилювання через зовнішність людини <br/>2.3.2 Група фразеологізмів на позначення хвилювання через поведінку людини<br/>2.3.3 Вираження хвилювання іншими способами<br/>Висновки
-- фразеологія, фразеологізми на позначення страху
650 ## - SUBJECT ADDED ENTRY--TOPICAL TERM
Topical term or geographic name as entry element Research Papers
942 ## - ADDED ENTRY ELEMENTS (KOHA)
Koha item type Книги
Фонди
Withdrawn status Lost status Source of classification or shelving scheme Damaged status Not for loan Home library Current library Date acquired Source of acquisition Cost, normal purchase price Total Checkouts Full call number Barcode Date last seen Price effective from Koha item type
    Universal Decimal Classification     ВІЛ - Відділ іноземн. літератури НБ ВІЛ - Відділ іноземн. літератури НБ 16/04/2009 Акт №1 1.00   09 213548 15/12/2021 16/04/2009 Книги